1966 1176 1541 1975 1856 1276 1637 1172 1440 1787 1382 1680 1067 1231 1740 1434 1706 1814 1595 1583 1281 1697 1122 1481 1510 1557 1883 1220 1961 1058 1146 1406 1101 1099 1006 1146 1542 1206 1711 1227 1957 1113 1021 1788 1785 1682 1338 1783 1307 1136 1565 1601 1125 1772 1496 1057 1784 1290 1505 1787 1926 1221 1556 1704 1888 1176 1122 1559 1585 1084 1330 1533 1313 1919 1903 1109 1173 1091 1336 1592 1635 1675 1545 1005 1565 1211 1231 1009 1569 1364 1633 1299 1805 1535 1185 1363 1895 1577 1272 BCNSPRNW ULIB Ver.6.0+V

เปลี่ยนเป็นภาษาไทย

Change to English
 แสดงรายละเอียดบรรณานุกรม
  กลับหน้าหลัก

Brief Record : Get Marc (ISO 2709) : E-mail record : QR code < ปิดหน้าต่าง
LEADER : 00000nam 2200000uu 4500
001    13399112413
003     ULIB
008    110815s2553||||th 000 0 tha d
020    9789746725415
060 04 WM141^bก451 2553
100 0  ณหทัย วงศ์ปการันย์
245 00 การตรวจสภาพจิตและการแปลความหมาย =^bMental stateexamination and interpretation /^cณหทัย วงศ์ปการันย์, บรรณาธิการ
246 31 Mental state examination and interpretation
250    พิมพ์ครั้งที่ 2
260    เชียงใหม่ :^bหน่วยจิตเวชผู้สูงอายุ ภาควิชาจิตเวชศาสตร์คณะแพทยศาสตร์ มหาวิทยาลัยเชียงใหม่,^c2553
300    xiii, 197 หน้า ;^c23 ซม.
490 0  โครงการตำรา-แพทย์เชียงใหม่
650  7 การทดสอบทางจิตวิทยา
650  7 จิตผิดปกติ^xการวินิจฉัย
650  7 จิตเวชศาสตร์^xการวินิจฉัยโรค
710 2  มหาวิทยาลัยเชียงใหม่. ^bคณะแพทยศาสตร์.^bภาควิชาจิตเวชศาสตร์. ^bหน่วยจิตเวชผู้สูงอายุ
945    ^p190^l0^i18499
945    ^p190^l0^i18500
995    กัณชพร
999    ^aใช้งานได้ทุกระบบ
รายการนี้ยังไม่มีแท็ก
คุณยังไม่ได้ล็อกอิน คุณสามารถมีกิจกรรมร่วมกับเว็บไซต์ได้ แต่ต้องล็อกอินก่อน ::
  ล็อกอิน

รายการสื่อสารสนเทศ

ลำดับที่ ประเภท เลขเรียก/บาร์โค้ด สถานที่ สถานะ
1. วิทยาศาสตร์การแพทย์ และสุขภาพ
วิทยาศาสตร์การแพทย์ และสุขภาพ
สถานะ=หนังสือเก่า
WM141 ก451 2553  
  Barcode: 18499
ห้องสมุดวิทยาเขตนครสวรรค์
►ส่วนจัดเก็บหนังสือเก่า นว.
บนชั้น
  ขอยืม
2. วิทยาศาสตร์การแพทย์ และสุขภาพ
วิทยาศาสตร์การแพทย์ และสุขภาพ
สถานะ=หนังสือเก่า
WM141 ก451 2553 ฉ.2 
  Barcode: 18500
ห้องสมุดวิทยาเขตนครสวรรค์
►ส่วนจัดเก็บหนังสือเก่า นว.
บนชั้น
  ขอยืม

รายการใกล้เคียง
    ผู้แต่ง [ณหทัย วงศ์ปการันย์]

    หัวเรื่อง [การทดสอบทางจิตวิทยา]

BibComment


ยังไม่เคยถูกคอมเมนท์

คอมเมนท์ทรัพยากรรายการนี้
  คอมเมนท์: การตรวจสภาพจิตและ..


 Copyright 2026. Bcnsprnw @Library